01096nam a2200277 i 450000100060000000300090000600500170001500700030003200800410003502000180007604000220009408000140011624501120013026001300024230000320037249000250040450400340042965000520046370000310051570000280054671000390057483000330061385200330064699900170067995201220069618367ES-MaACL20250827222021.0t|011106s2000 sp ||||0| spa j a84-8373-293-9 aM-BN bspa cM-BN a330.342.303aLa nueva economía política de la globalización / cpor Joaquín Arriola y Diego Guerrero (editores). a[Bilbao] : bUniversidad del País Vasco, Servicio Editorial = Euskal Herriko Unibertsitatea, Argitalpen Zerbitzua, c[2000] a370 p : bgráf ; c24 cm.1 aEconomía y empresa aBibliografía: p. [359]-370. 4aGlobalización-xAspectos económicos.9131281 aArriola, Joaquín.9233251 aGuerrero, Diego.9605382 aUniversidad del País Vasco973670 aEconomía y empresa9180436 aES-MaACLjL-25031 bR.130474 c18367d18367 00104070aATENEOMbATENEOMcDEPO2d2008-01-17eSCl0oL-25031p1018788r2023-02-23 00:00:00w2023-02-23yMONOGRAFIA